| 000 | 00947 a2200469 4500 | ||
|---|---|---|---|
| 000 | BKB | ||
| 001 | 138490 | ||
| 005 | 20200902153454.0 | ||
| 008 | |||
| 010 | _a | ||
| 020 | _a9788129102140 | ||
| 082 |
_a823.8 _bD55D |
||
| 100 | 1 | _aDickens, Charles | |
| 110 | _a | ||
| 245 | 1 |
_aDavid Copperfield _cby Charles Dickens |
|
| 250 | _a | ||
| 260 |
_aNew Delhi _bRupa Publications _c2011 |
||
| 300 | _a828p. | ||
| 490 |
_a _v |
||
| 500 | _awith an introduction by Norman Collins | ||
| 600 | _a | ||
| 610 | _a | ||
| 611 | _a | ||
| 630 | _aEnglish | ||
| 650 | _a | ||
| 651 | _a | ||
| 654 | _a | ||
| 690 | _aYoung men | ||
| 690 | _aOrphans | ||
| 690 | _aStepfathers | ||
| 700 |
_a _b _c |
||
| 710 |
_a _b _c |
||
| 711 | _a | ||
| 720 | _a | ||
| 730 | _a | ||
| 740 | _a | ||
| 752 | _a | ||
| 856 |
_a _d _f |
||
| 904 | _a | ||
| 964 |
_a _b _c _d _e _f _g |
||
| 965 | _a | ||
| 999 |
_c11275 _d11275 |
||